000 00976nam a2200265Ia 4500
003 OSt
005 20220923211220.0
006 a|||||r|||| 00| 0
007 ta
008 220922b |||||||| |||| 00| 0 hin d
020 _a9788126725717 (hbk)
_c700
024 _a284,283
037 _bBR8588, 30/03/2015, Rajkamal Prakashan Pvt. Ltd
_cTextual
040 _aARTS
_cARTS
_bhin
041 _2hin
_ahin
082 _aO152,3N493x, Q4
100 _aबिस्मिल्लाह, अब्दुल
_9159790
245 0 _aताकि सनद रहे
246 _aTāki sanad rahe
260 _aनयी दिल्ली
_b राजकमल प्रकाशन
_c2014
300 _a399पृ.
_ccm.
650 _aहिन्दी साहित्य
_9156264
942 _hO152,3N493x, Q4
_cTEXL
_2CC
999 _c297060
_d297060